000 01725nam a2200361Ia 4500
001 791
005 20260217155939.0
008 121119s2001 sp a gr 000 f spa
020 _a8433920383
020 _a9788433920386
040 _aCO-BoRNBP
_bspa
_erda
_cCO-BoRNBP
041 1 _aspa
084 _aN NAB1
100 1 _aNabokov, Vladimir Vladimirovich,
_d1899-1977
_940223
245 1 0 _aLolita
_cVladimir Nabokov ; traducción de Francesc Roca
250 _aPrimera edición
264 1 _aBarcelona
_bAnagrama
_c2001
300 _a352 páginas
_c22 cm.
336 _atexto
_btxt
_2rdacontent
337 _asin mediación
_bn
_2rdamedia
338 _avolumen
_bnc
_2rdacarrier
490 0 _aNarrativa contemporánea
520 3 _aLa historia de la obsesión de Humbert Humbert, un profesor cuarentón, por la doceañera Lolita es una extraordinaria novela de amor en la que intervienen dos componentes explosivos: la atracción «perversa» por las nínfulas y el incesto. Un itinerario a través de la locura y la muerte, que desemboca en una estilizadísima violencia, narrado, a la vez con autoironía y lirismo desenfrenado, por el propio Humbert Humbert. Lolita es también un retrato ácido y visionario de los Estados Unidos, de los horrores suburbanos y de la cultura del plástico y del motel
650 1 4 _2LEMB
_aLiteratura rusa
_ySiglo XIX-XX
_968865
650 1 4 _2LEMB
_aNovela rusa
_ySiglo XIX-XX
_968866
650 1 4 _2LEMB
_aNovela erótica rusa
_968867
650 1 4 _2LEMB
_aProfesores
_vNovela
_968868
650 1 4 _2LEMB
_aAdolescentes
_vNovela
_91055
650 1 4 _2LEMB
_aNovela amorosa
_92079
650 1 4 _2LEMB
_aMuerte
_vNovela
_9801
700 1 _aTejedor, Enrique
_etraductor
_968869
942 _2loc
_cBKLIT
999 _c791
_d791